000 00310nam a22001457a 4500
008 221222b ||||| |||| 00| 0 eng d
020 _a0029119502
041 _aeng
080 _a61
082 _a61GOL
100 _a4
101 _aMJEKSI
245 _aHANDBOOK OF STRESS
_cGOLDBERGER L
942 _2udc
_cBK
999 _c59224
_d59224